000 004500000a22001930004500
003 LK-CoMWRAF
005 20230902064035.0
008 230817t ||||| |||| 00| 0 eng d
040 _aLK-CoMWRAF
_dLK-CoMWRAF
_eLK-CoMWRAF
041 _aeng
082 _a231.1
_bBAK
100 _aBaksh Maharoof
245 _aThe Religion of Jesus
250 _a1st.ed.
260 _aKandy (Sri Lanka)
300 _a9p
650 _aChristianity
942 _cBK
999 _c2115
_d2115